|
|
|
|
| LEADER |
00000nab a2200000 a 4500 |
| 001 |
vtls009351325 |
| 003 |
SK-MaSNL |
| 005 |
20260305012700.0 |
| 008 |
250507c2008 xo |||| |o| ||00 b|slo |
| 015 |
|
|
|a SNBRB2008/10
|2 snkbucl
|
| 035 |
|
|
|a (uuid)fea52d6c-262d-4bad-a690-2486a983d616
|
| 035 |
|
|
|a urn:nbn:sk:snk-ab13h6
|
| 035 |
|
|
|a (urnnbn)urn:nbn:sk:snk:ar-005ksn
|
| 038 |
|
|
|a SNKBUCL
|
| 040 |
|
|
|a SNKBUCL
|b slo
|c SNKBUCL
|e AACR2
|
| 041 |
0 |
|
|a slo
|
| 044 |
|
|
|a xo
|c SK
|
| 080 |
|
|
|a 94(437)
|x "1969"
|2 1997
|
| 080 |
|
|
|a 328
|x (437)
|x "1969"
|2 1997
|
| 080 |
|
|
|a 329.15
|x (437)
|b KSČ
|x "1969"
|2 1997
|
| 080 |
|
|
|a 323
|x (437)
|x "1969"
|2 1997
|
| 080 |
|
|
|a 328.16
|x (437)
|x "1969"
|2 1997
|
| 100 |
1 |
|
|a Strapcová, Katarína,
|d 1982-
|4 aut
|9 103933
|
| 245 |
1 |
0 |
|a Doskočil, Z.: Duben 1969. Anatomie jednoho mocenského zvratu. Praha: Doplněk/Ústav pro soudobé dějiny, 2006, 416 s. + 24 s. fotoprílohy
|c Katarína Strapcová
|
| 300 |
|
|
|b Fotogr.
|
| 610 |
|
7 |
|a Komunistická strana Československa
|2 snkbucl
|9 32256
|
| 648 |
|
7 |
|a apríl 1969
|2 snkbucl
|9 1305087
|
| 650 |
0 |
7 |
|a politická kríza
|2 snkbucl
|9 1546
|
| 650 |
0 |
7 |
|a politické dejiny
|2 snkbucl
|9 69271
|
| 650 |
0 |
7 |
|a štúdie
|2 snkbucl
|9 92810
|
| 651 |
|
7 |
|a Československo
|x dejiny
|2 snkbucl
|9 161432
|
| 651 |
|
7 |
|a Československo
|x spoločnosť a politika
|2 snkbucl
|9 116814
|
| 651 |
|
7 |
|a Československo
|x politika a vláda
|2 snkbucl
|9 236320
|
| 655 |
|
7 |
|a recenzie
|2 snkbucl
|9 21907
|
| 773 |
0 |
|
|t Pamäť národa
|g Roč. IV, č. 1 (2008), s. 103-105
|x 1336-6297
|
| 787 |
0 |
8 |
|i Rec.:
|a Doskočil, Zdeněk, 1978-
|t Duben 1969 : anatomie jednoho mocenského zvratu
|d Praha : Doplněk ; Ústav pro soudobé dějiny, 2006
|z 8072392042
|
| 850 |
|
|
|a Slovenská národná knižnica
|
| 852 |
|
|
|a Slovenská národná knižnica
|
| 856 |
4 |
1 |
|u http://www.upn.gov.sk/data/publikacie/pamat-naroda/pamat-naroda-01-2008.pdf
|
| 954 |
|
|
|a odborná, vedecká literatúra pôvodná (slovenská)
|2 lita
|
| 958 |
|
|
|a article27
|
| 958 |
|
|
|a RC
|
| 958 |
|
|
|a CZ
|
| 958 |
|
|
|a OND
|
| 958 |
|
|
|a EUIPO
|
| 999 |
|
|
|c 3258713
|d 3260643
|